| 000 | 00902cam a2200205 a 4500 | ||
|---|---|---|---|
| 008 | 130902s2010 ck d frn 001 0dspa d | ||
| 020 | _a9789586955386 | ||
| 040 |
_aCO-BoUCM _bspa _cRoberto Burgos _dAldemar Mondragón |
||
| 041 | 0 | 0 | _aspa |
| 245 | 0 | 0 |
_aArrendamiento y vivienda popular en Colombia como alternativa habitacional _cMesa VIS-Diego Echeverry Campos ; compiladora, Clemencia Escallón Gartner] |
| 260 |
_aBogotá _bUniversidad de Los Andes, Departamento de Arquitectura _bAlcaldía Mayor de Bogotá _c2010 |
||
| 300 |
_bmapas, graficos, tablas _a233 páginas |
||
| 650 | 7 |
_aArrendamientos _97297 |
|
| 650 | 7 |
_aSubsidios de vivienda _zColombia _944050 |
|
| 650 | 7 |
_aVivienda popular _zColombia _944049 |
|
| 690 | _aSociología | ||
| 700 | 1 |
_aEscallón Gartner, Clemencia. _ecompilador _944051 |
|
| 942 |
_cLIBRO _e1 _a5 _mA774 _2DEWEY _h363.509861 |
||
| 999 |
_c167889 _d167889 |
||